A5 Business law
Enregistré dans:
| Auteur principal: | |
|---|---|
| Format: | Livre |
| Publié: |
Dar es Salaam:
c2014.
NBAA,
|
| Sujets: | |
| Tags: |
Ajouter un tag
Pas de tags, Soyez le premier à ajouter un tag!
|
MARC
| LEADER | 00000cam a2200000u 4500 | ||
|---|---|---|---|
| 005 | 20251011084701.0 | ||
| 020 | |a 9789976780727 |c TZS 10,000/= | ||
| 040 | |a MCCL |b eng. |e AACR 2nd rev. ed. | ||
| 082 | |a 346.07 NAT | ||
| 100 | |a NBAA | ||
| 245 | 1 | 0 | |a A5 Business law |c /National Board of Accountants and Auditors |
| 260 | |a Dar es Salaam: |c NBAA, |b c2014. | ||
| 300 | |a 196p. : |b ill, |c 30 cm. | ||
| 504 | |a Include bibliographic index | ||
| 546 | |a eng. | ||
| 650 | 0 | |a Legal system |b Tanzania | |
| 650 | 0 | |a Employment law | |
| 650 | 0 | |a Civil law | |
| 700 | |a NBAA | ||
| 942 | |c BK | ||
| 999 | |c 12470 |d 12470 | ||